Normal view
MARC view
Entry Personal Name
001 - CONTROL NUMBER
- control field: 170077
003 - CONTROL NUMBER IDENTIFIER
- control field:
005 - DATE AND TIME OF LATEST TRANSACTION
- control field: 20210601193015.0
008 - FIXED-LENGTH DATA ELEMENTS
- fixed length control field: 210601|| aca||aabn | a|a d
040 ## - CATALOGING SOURCE
- Original cataloging agency:
- Transcribing agency:
100 ## - HEADING--PERSONAL NAME
- Personal name: Pierce, Charles Santigo Sanders,
- Dates associated with a name: 1839-1914
670 ## - SOURCE DATA FOUND
- Source citation: Work cat.: (): Eisele, Carolyn 170075, Studies in the scientific and mathematical philosophy of Charles S. Peirce :, 1979
